<?xml version="1.0" encoding="UTF-8"?>
<record
    xmlns:xsi="http://www.w3.org/2001/XMLSchema-instance"
    xsi:schemaLocation="http://www.loc.gov/MARC21/slim http://www.loc.gov/standards/marcxml/schema/MARC21slim.xsd"
    xmlns="http://www.loc.gov/MARC21/slim">

  <leader>01536nam0a2200361 i 4500</leader>
  <controlfield tag="001">RU\NLR\bibl\2060542</controlfield>
  <controlfield tag="005">20260407063234.0</controlfield>
  <datafield tag="010" ind1=" " ind2=" ">
    <subfield code="a">9785699648696</subfield>
    <subfield code="9">3000</subfield>
  </datafield>
  <datafield tag="021" ind1=" " ind2=" ">
    <subfield code="a">RU</subfield>
    <subfield code="b">2013-47487</subfield>
    <subfield code="9">379&#x434;/13</subfield>
  </datafield>
  <datafield tag="035" ind1=" " ind2=" ">
    <subfield code="a">(NLR Aleph) 002047290</subfield>
  </datafield>
  <datafield tag="090" ind1=" " ind2=" ">
    <subfield code="a">4624686</subfield>
    <subfield code="c">4624686</subfield>
  </datafield>
  <datafield tag="100" ind1=" " ind2=" ">
    <subfield code="a">20130807d2013    u  y0rusy50      ca</subfield>
  </datafield>
  <datafield tag="101" ind1="0" ind2=" ">
    <subfield code="a">rus</subfield>
  </datafield>
  <datafield tag="102" ind1=" " ind2=" ">
    <subfield code="a">RU</subfield>
  </datafield>
  <datafield tag="105" ind1=" " ind2=" ">
    <subfield code="a">y   |||||||||</subfield>
  </datafield>
  <datafield tag="200" ind1="1" ind2=" ">
    <subfield code="a">&#x41D;&#x43E;&#x432;&#x430;&#x44F; &#x43A;&#x43D;&#x438;&#x433;&#x430; &#x430;&#x444;&#x43E;&#x440;&#x438;&#x437;&#x43C;&#x43E;&#x432;</subfield>
    <subfield code="e">&#x43F;&#x43E; &#x440;&#x443;&#x441;&#x441;&#x43A;&#x438;&#x43C; &#x438; &#x438;&#x43D;&#x43E;&#x441;&#x442;&#x440;&#x430;&#x43D;&#x43D;&#x44B;&#x43C; &#x438;&#x441;&#x442;&#x43E;&#x447;&#x43D;&#x438;&#x43A;&#x430;&#x43C;</subfield>
    <subfield code="f">&#x41A;&#x43E;&#x43D;&#x441;&#x442;&#x430;&#x43D;&#x442;&#x438;&#x43D; &#x414;&#x443;&#x448;&#x435;&#x43D;&#x43A;&#x43E;</subfield>
  </datafield>
  <datafield tag="205" ind1=" " ind2=" ">
    <subfield code="a">2-&#x435; &#x438;&#x437;&#x434;., &#x438;&#x441;&#x43F;&#x440;.</subfield>
  </datafield>
  <datafield tag="210" ind1=" " ind2=" ">
    <subfield code="a">&#x41C;&#x43E;&#x441;&#x43A;&#x432;&#x430;</subfield>
    <subfield code="c">&#x42D;&#x43A;&#x441;&#x43C;&#x43E;</subfield>
    <subfield code="d">2013</subfield>
  </datafield>
  <datafield tag="215" ind1=" " ind2=" ">
    <subfield code="a">1117, [1] &#x441;.</subfield>
    <subfield code="d">21</subfield>
  </datafield>
  <datafield tag="300" ind1=" " ind2=" ">
    <subfield code="a">&#x41D;&#x430; &#x43E;&#x431;&#x43B;. &#x430;&#x432;&#x442;. &#x43D;&#x435; &#x443;&#x43A;&#x430;&#x437;&#x430;&#x43D;</subfield>
  </datafield>
  <datafield tag="300" ind1=" " ind2=" ">
    <subfield code="a">&#x414;&#x440;. &#x43A;&#x43D;. &#x430;&#x432;&#x442;. &#x43D;&#x430; 3-&#x439; &#x441;. &#x43E;&#x431;&#x43B;.</subfield>
  </datafield>
  <datafield tag="311" ind1=" " ind2=" ">
    <subfield code="a">&#x41F;&#x440;&#x43E;&#x434;&#x43E;&#x43B;&#x436;. "&#x411;&#x43E;&#x43B;&#x44C;&#x448;&#x43E;&#x439; &#x43A;&#x43D;&#x438;&#x433;&#x438; &#x430;&#x444;&#x43E;&#x440;&#x438;&#x437;&#x43C;&#x43E;&#x432;", &#x438;&#x437;&#x434;. &#x432; 1999 &#x433;.</subfield>
  </datafield>
  <datafield tag="320" ind1=" " ind2=" ">
    <subfield code="a">&#x411;&#x438;&#x431;&#x43B;&#x438;&#x43E;&#x433;&#x440;.: &#x441;. 1114-1117</subfield>
  </datafield>
  <datafield tag="320" ind1=" " ind2=" ">
    <subfield code="a">&#x423;&#x43A;&#x430;&#x437;. &#x438;&#x43C;&#x435;&#x43D; &#x438; &#x441;&#x432;&#x435;&#x434;&#x435;&#x43D;&#x438;&#x44F; &#x43E;&#x431; &#x430;&#x432;&#x442;&#x43E;&#x440;&#x430;&#x445;, &#x443;&#x43A;&#x430;&#x437;. &#x442;&#x435;&#x43C;&#x430;&#x442;. &#x440;&#x443;&#x431;&#x440;&#x438;&#x43A;: &#x441;. 1005-1113</subfield>
  </datafield>
  <datafield tag="488" ind1=" " ind2="0">
    <subfield code="1">2001#$a&#x411;&#x43E;&#x43B;&#x44C;&#x448;&#x430;&#x44F; &#x43A;&#x43D;&#x438;&#x433;&#x430; &#x430;&#x444;&#x43E;&#x440;&#x438;&#x437;&#x43C;&#x43E;&#x432;</subfield>
    <subfield code="1">210##$d1999</subfield>
    <subfield code="t">&#x411;&#x43E;&#x43B;&#x44C;&#x448;&#x430;&#x44F; &#x43A;&#x43D;&#x438;&#x433;&#x430; &#x430;&#x444;&#x43E;&#x440;&#x438;&#x437;&#x43C;&#x43E;&#x432;</subfield>
  </datafield>
  <datafield tag="606" ind1=" " ind2=" ">
    <subfield code="a">&#x410;&#x444;&#x43E;&#x440;&#x438;&#x437;&#x43C;&#x44B;</subfield>
    <subfield code="j">&#x421;&#x431;&#x43E;&#x440;&#x43D;&#x438;&#x43A;&#x438;</subfield>
    <subfield code="9">1063027</subfield>
    <subfield code="3">RU\NLR\auth\6694446</subfield>
  </datafield>
  <datafield tag="686" ind1=" " ind2=" ">
    <subfield code="a">&#x42F;438(0)</subfield>
  </datafield>
  <datafield tag="700" ind1=" " ind2="1">
    <subfield code="4">070</subfield>
    <subfield code="8">rus</subfield>
    <subfield code="7">ca</subfield>
    <subfield code="a">&#x414;&#x443;&#x448;&#x435;&#x43D;&#x43A;&#x43E;</subfield>
    <subfield code="b">&#x41A;.&#x412;.</subfield>
    <subfield code="f">1946-</subfield>
    <subfield code="g">&#x41A;&#x43E;&#x43D;&#x441;&#x442;&#x430;&#x43D;&#x442;&#x438;&#x43D; &#x412;&#x430;&#x441;&#x438;&#x43B;&#x44C;&#x435;&#x432;&#x438;&#x447;</subfield>
    <subfield code="3">RU\NLR\auth\7713457</subfield>
    <subfield code="9">123147</subfield>
  </datafield>
  <datafield tag="801" ind1=" " ind2="0">
    <subfield code="a">RU</subfield>
    <subfield code="b">NLR</subfield>
    <subfield code="c">20130807</subfield>
    <subfield code="g">RCR</subfield>
  </datafield>
  <datafield tag="801" ind1=" " ind2="1">
    <subfield code="a">RU</subfield>
    <subfield code="b">NLR</subfield>
    <subfield code="c">20130807</subfield>
  </datafield>
  <datafield tag="942" ind1=" " ind2=" ">
    <subfield code="c">BOOK</subfield>
  </datafield>
  <datafield tag="980" ind1=" " ind2=" ">
    <subfield code="a">NBR</subfield>
  </datafield>
</record>
